[Event "3eme Open International de La Fere"]
[Site "La Fere (FRA)"]
[Date "2004.??.??"]
[Round "6.12"]
[White "Sarakauskiene, Zivile"]
[Black "Szabo, Gergely-Andras-Gyul"]
[Result "0-1"]
[WhiteElo "2181"]
[BlackElo "2422"]
[PlyCount "65"]
[EventDate "2004.??.??"]

1. e4 c5 2. Nf3 d6 3. d4 cxd4 4. Nxd4 Nf6 5. Nc3 e6 6. Be3 a6 7. f4 b5 8. Qf3
Bb7 9. Bd3 h5 10. O-O-O Nbd7 11. Nb3 Rc8 12. h3 Qc7 13. Rhe1 b4 14. Nb1 Nxe4
15. Qe2 Be7 16. Bd4 d5 17. Bxe4 dxe4 18. Bxg7 Rg8 19. Bd4 e3 20. Rg1 Qxf4 21.
Bxe3 Qe4 22. Rd2 Rg3 23. Bh6 Ne5 24. Qxh5 Nf3 25. Qxf3 Qxf3 26. gxf3 Rxg1+ 27.
Rd1 Rxd1+ 28. Kxd1 Bxf3+ 29. Kc1 Be4 30. Nd4 e5 31. Nd2 Bg6 32. N4f3 Rxc2+ 33.
Kd1 0-1

[Event "3eme Open International de La Fere"]
[Site "La Fere (FRA)"]
[Date "2004.??.??"]
[Round "6.13"]
[White "Pytel, Krzysztof"]
[Black "Gozzoli, Cyrille"]
[Result "1-0"]
[WhiteElo "2416"]
[BlackElo "2087"]
[PlyCount "125"]
[EventDate "2004.??.??"]

1. g3 Nf6 2. Bg2 d5 3. d3 c6 4. Nd2 e5 5. Ngf3 Bd6 6. e4 Bg4 7. h3 Bh5 8. O-O
Nbd7 9. Qe1 O-O 10. Nh4 Re8 11. Nf5 Bf8 12. Kh1 Qc7 13. f3 Rad8 14. Nb3 c5 15.
c4 dxc4 16. dxc4 b5 17. Qa5 Qxa5 18. Nxa5 a6 19. Be3 Nb6 20. Rac1 Nfd7 21. Rf2
Nxc4 22. Nxc4 bxc4 23. Rxc4 f6 24. Ra4 Ra8 25. Bf1 Nb6 26. Ra5 Rec8 27. b3 Bf7
28. Rxa6 Rxa6 29. Bxa6 Ra8 30. Bb5 g6 31. Nh4 Nc8 32. Rc2 Ra5 33. Be2 Na7 34.
Bd2 Ra3 35. Bc1 Ra5 36. Bd2 Ra3 37. Ng2 Nc6 38. Bc3 c4 39. bxc4 Nd4 40. Bxd4
exd4 41. Nf4 g5 42. Nd3 Be8 43. Kg2 Ba4 44. Rd2 Rc3 45. Nb2 Rc2 46. Rxc2 Bxc2
47. Bd3 Ba3 48. Bxc2 Bxb2 49. f4 h6 50. Kf3 Kf7 51. e5 gxf4 52. Kxf4 fxe5+ 53.
Kf5 Ke7 54. g4 Kd6 55. h4 Bc1 56. g5 hxg5 57. hxg5 Kc5 58. g6 Bh6 59. Bd3 Bg7
60. Ke6 e4 61. Bxe4 Kxc4 62. a4 Kb4 63. Bc2 1-0

[Event "3eme Open International de La Fere"]
[Site "La Fere (FRA)"]
[Date "2004.??.??"]
[Round "6.14"]
[White "Benitah, Yohan"]
[Black "Laval, Brice"]
[Result "1-0"]
[WhiteElo "2408"]
[BlackElo "2106"]
[PlyCount "71"]

1. d4 Nf6 2. c4 g6 3. f3 Bg7 4. e4 d6 5. Nc3 O-O 6. Bg5 Nc6 7. Nge2 e5 8. d5
Ne7 9. Qd2 Ne8 10. Ng3 c5 11. Be2 f6 12. Be3 f5 13. exf5 Nxf5 14. Nxf5 gxf5 15.
O-O-O a6 16. g4 f4 17. Bf2 Nc7 18. h4 b5 19. h5 bxc4 20. h6 Bh8 21. Bxc4 Nb5
22. Ne4 Rf7 23. Qd3 Rb8 24. Rd2 Nd4 25. Rh5 Rb4 26. b3 a5 27. Bh4 Qc7 28. Ng5
e4 29. Qxe4 Be5 30. Nxf7 Qxf7 31. Rg5+ Kf8 32. Rxe5 dxe5 33. Qxe5 Nxf3 34. Qh8+
Qg8 35. Be7+ Kf7 36. Qf6+ 1-0

[Event "3eme Open International de La Fere"]
[Site "La Fere (FRA)"]
[Date "2004.??.??"]
[Round "6.15"]
[White "Platel, Alexandre"]
[Black "Gharamian, Tigran"]
[Result "0-1"]
[WhiteElo "2145"]
[BlackElo "2398"]
[PlyCount "52"]
[EventDate "2004.??.??"]

1. e4 e6 2. Qe2 c5 3. g3 Nc6 4. c3 d5 5. d3 Nf6 6. Bg2 dxe4 7. dxe4 Ne5 8. Bg5
c4 9. Nh3 Nd3+ 10. Kf1 e5 11. Qc2 Nxb2 12. Nd2 Qd3+ 13. Qxd3 cxd3 14. f4 Ng4
15. fxe5 h6 16. Bf4 g5 17. Nxg5 hxg5 18. Bxg5 Nxe5 19. h3 Bg7 20. Kf2 Na4 21.
Rac1 Be6 22. Nb3 Bxb3 23. axb3 Nc5 24. b4 Ne6 25. Be3 Nc4 26. Rhd1 Nxe3 0-1

[Event "3eme Open International de La Fere"]
[Site "La Fere (FRA)"]
[Date "2004.??.??"]
[Round "6.16"]
[White "Sebe-Vodislav, Florian-George"]
[Black "Bielka, Samuel"]
[Result "1-0"]
[WhiteElo "2298"]
[BlackElo "2054"]
[PlyCount "53"]
[EventDate "2004.??.??"]

1. e4 e6 2. d3 d5 3. Nd2 Nf6 4. Ngf3 g6 5. g3 Bg7 6. Bg2 O-O 7. O-O Nc6 8. e5
Nd7 9. d4 Ne7 10. Nb3 b6 11. Bf4 c5 12. Qd2 Nf5 13. c3 h5 14. Bg5 Qc7 15. h3
Re8 16. g4 hxg4 17. hxg4 Ne7 18. Bh6 Ba6 19. Rfe1 Rac8 20. Bf1 Bxf1 21. Kxf1
cxd4 22. cxd4 Qc2 23. Qf4 Qxb2 24. Kg2 Rc2 25. Nbd2 Nc6 26. Bxg7 Kxg7 27. Rh1
1-0

[Event "3eme Open International de La Fere"]
[Site "La Fere (FRA)"]
[Date "2004.??.??"]
[Round "6.17"]
[White "Maufroid, Loic"]
[Black "Bogza, Adina-Maria"]
[Result "0-1"]
[WhiteElo "2120"]
[BlackElo "2291"]
[PlyCount "72"]
[EventDate "2004.??.??"]

1. e4 g6 2. Nf3 Bg7 3. d4 d6 4. Bc4 Nf6 5. Nc3 O-O 6. Bb3 Nc6 7. h3 Na5 8. Be3
Nxb3 9. axb3 b6 10. d5 Bb7 11. Nd4 Qd7 12. b4 e5 13. Nb3 Nh5 14. g4 Nf4 15. Qd2
Ng2+ 16. Ke2 Nxe3 17. Qxe3 f5 18. f3 fxe4 19. fxe4 c6 20. Rad1 cxd5 21. Nxd5
Rac8 22. Nc3 Rf4 23. g5 Rc4 24. Qd3 Qf7 25. Rdf1 Bxe4 26. Nxe4 Rcxe4+ 27. Kd2
d5 28. b5 Rc4 29. Kc1 e4 30. Qe2 Qc7 31. Kb1 Rb4 32. Ka2 Rc4 33. c3 Qf7 34.
Rxf4 Qxf4 35. h4 e3 36. Rf1 Qe4 0-1

[Event "3eme Open International de La Fere"]
[Site "La Fere (FRA)"]
[Date "2004.??.??"]
[Round "6.18"]
[White "Visser, Henk-Jan"]
[Black "Labarthe, Arnaud"]
[Result "1-0"]
[WhiteElo "2243"]
[BlackElo "2028"]
[PlyCount "72"]
[EventDate "2004.??.??"]

1. d4 d5 2. Nf3 Nc6 3. c4 Bg4 4. Nc3 e6 5. Bf4 Bd6 6. Bg3 Nge7 7. e3 a6 8. Bh4
Bb4 9. h3 Bh5 10. a3 Bxc3+ 11. bxc3 Qd7 12. Bg3 O-O 13. cxd5 exd5 14. Ne5 Nxe5
15. Qxh5 Qc6 16. Rc1 Nc4 17. Bxc4 Qxc4 18. Qe2 Qxe2+ 19. Kxe2 Rac8 20. c4 Rfe8
21. Rhd1 b6 22. cxd5 Nxd5 23. Rc6 f5 24. Be5 Ne7 25. Rc2 Nd5 26. Rdc1 Re7 27.
g4 fxg4 28. hxg4 c5 29. f4 Nf6 30. Kf3 h5 31. gxh5 Nxh5 32. dxc5 b5 33. Rg2 Kf7
34. Rcg1 Rxc5 35. e4 Rc8 36. Rg5 g6 1-0

[Event "3eme Open International de La Fere"]
[Site "La Fere (FRA)"]
[Date "2004.??.??"]
[Round "6.19"]
[White "Trouville, Remi"]
[Black "Meijers, Viesturs"]
[Result "0-1"]
[WhiteElo "2063"]
[BlackElo "2477"]
[PlyCount "113"]
[EventDate "2004.??.??"]

1. e4 c5 2. Nf3 e6 3. d3 a6 4. g3 b5 5. Bg2 Bb7 6. O-O Be7 7. Nbd2 d6 8. Qe2
Nf6 9. Ng5 h6 10. Nh3 Nc6 11. c3 d5 12. f4 Qc7 13. Nf3 c4 14. exd5 cxd3 15.
Qxd3 Rd8 16. Qe2 Nxd5 17. Ne5 Bc5+ 18. Kh1 Nde7 19. Nxf7 Kxf7 20. Qh5+ g6 21.
Qxc5 Nf5 22. Nf2 Rd7 23. Be3 Na5 24. Bd4 Bxg2+ 25. Kxg2 Qxc5 26. Bxc5 Nb7 27.
Bd4 Nxd4 28. cxd4 Rxd4 29. Rad1 Rxd1 30. Rxd1 Ke7 31. Ng4 Rc8 32. Rd2 Nd6 33.
Ne5 Nc4 34. Nxc4 Rxc4 35. Kf3 h5 36. h3 Rc1 37. a3 a5 38. Kf2 a4 39. Kf3 Rc4
40. Ke3 Rc1 41. Kf3 b4 42. axb4 Rc4 43. g4 Rxb4 44. gxh5 gxh5 45. Kg3 Kf6 46.
Kh4 Rxf4+ 47. Kxh5 e5 48. Rc2 Kf5 49. h4 Rf1 50. Rc7 Ra1 51. Kh6 e4 52. Rc5+
Kf4 53. Rc8 e3 54. Rf8+ Kg3 55. Re8 Kf2 56. Rf8+ Ke1 57. h5 0-1

[Event "3eme Open International de La Fere"]
[Site "La Fere (FRA)"]
[Date "2004.??.??"]
[Round "6.20"]
[White "Gaignierre, Gilles"]
[Black "Gaponenko, Inna"]
[Result "1/2-1/2"]
[WhiteElo "1900"]
[BlackElo "2448"]
[PlyCount "189"]
[EventDate "2004.??.??"]

1. d4 d5 2. Nf3 e6 3. c3 Bd6 4. Bg5 f6 5. Bh4 Nh6 6. Bg3 Nf7 7. Nbd2 g5 8. e4
dxe4 9. Nxe4 f5 10. Nxd6+ cxd6 11. Bb5+ Bd7 12. Bxd7+ Nxd7 13. h3 f4 14. Bh2
Nf6 15. Qb3 Qe7 16. Qb5+ Qd7 17. Qxd7+ Kxd7 18. g3 e5 19. dxe5 dxe5 20. O-O-O+
Kc7 21. Nd2 Rad8 22. f3 Rd3 23. gxf4 gxf4 24. Rhg1 Rhd8 25. Rg7 R8d7 26. Kc2
R3d6 27. Bg1 b6 28. Bf2 Nd5 29. Rgg1 Nf6 30. Rg7 h6 31. h4 Nd8 32. Rxd7+ Kxd7
33. Rg1 Nf7 34. Rg7 Ke7 35. Nc4 Re6 36. Nd2 Ne8 37. Rg1 Ned6 38. a4 Kf6 39. b4
Nd8 40. c4 e4 41. Bd4+ Kf5 42. c5 Nc6 43. Bc3 bxc5 44. bxc5 e3 45. cxd6 exd2
46. Rd1 Rxd6 47. Rxd2 Rxd2+ 48. Kxd2 Ne7 49. Kd3 Ng6 50. Be1 Ne5+ 51. Ke2 a6
52. Bc3 Ng6 53. Be1 h5 54. Kd3 Ne5+ 55. Ke2 Ke6 56. Bc3 Ng6 57. Be1 Kd5 58. Kd3
Ne5+ 59. Ke2 Kc4 60. Bd2 Ng6 61. Be1 Ne5 62. Bd2 Nd3 63. a5 Kd4 64. Kd1 Kd5 65.
Bc3 Kc4 66. Bf6 Nc5 67. Kc2 Nb3 68. Be5 Nd4+ 69. Kd1 Nxf3 70. Bxf4 Nxh4 71. Ke2
Nf5 72. Kf3 Nd4+ 73. Kg2 Kb5 74. Kh3 Kxa5 75. Kh4 Kb5 76. Kxh5 a5 77. Be5 Kc4
78. Kg4 a4 79. Kf4 Nc2 80. Ke4 Nb4 81. Ke3 a3 82. Kd2 a2 83. Bf6 Kb3 84. Ba1
Nc2 85. Bh8 Na3 86. Kc1 Nb1 87. Ba1 Nc3 88. Kd2 Nd5 89. Kc1 Nb4 90. Kd2 Na6 91.
Kc1 Nc7 92. Kd2 Nb5 93. Kc1 Na3 94. Kd2 Nc2 95. Bh8 1/2-1/2

[Event "3eme Open International de La Fere"]
[Site "La Fere (FRA)"]
[Date "2004.??.??"]
[Round "6.21"]
[White "Rapinel, Franck"]
[Black "Savouret, Frederic"]
[Result "1/2-1/2"]
[WhiteElo "2165"]
[BlackElo "1900"]
[PlyCount "81"]
[EventDate "2004.??.??"]

1. e4 c5 2. Nf3 Nc6 3. d4 cxd4 4. Nxd4 Nf6 5. Nc3 e5 6. Ndb5 d6 7. Bg5 a6 8.
Na3 b5 9. Bxf6 gxf6 10. Nd5 Bg7 11. Bd3 Ne7 12. Nxe7 Qxe7 13. c3 f5 14. Qh5 O-O
15. O-O Rb8 16. Nc2 fxe4 17. Bxe4 f5 18. Bd5+ Be6 19. Nb4 Bxd5 20. Nxd5 Qf7 21.
Qxf7+ Kxf7 22. Rad1 Rfc8 23. f4 e4 24. Ne3 Ke6 25. g4 fxg4 26. f5+ Kd7 27. Nxg4
Rg8 28. Kh1 h5 29. Ne3 Bh6 30. Nd5 Rgf8 31. Rde1 Rbe8 32. b3 Re5 33. c4 bxc4
34. bxc4 e3 35. f6 e2 36. Rf2 Bg5 37. Rexe2 Rxe2 38. Rxe2 Bxf6 39. Kg2 Be5 40.
Nb4 a5 41. Nd3 1/2-1/2

[Event "3eme Open International de La Fere"]
[Site "La Fere (FRA)"]
[Date "2004.??.??"]
[Round "6.22"]
[White "Cappon, Aldo"]
[Black "Rigolot, Matthieu"]
[Result "0-1"]
[WhiteElo "1830"]
[BlackElo "2157"]
[PlyCount "112"]
[EventDate "2004.??.??"]

1. e4 c5 2. Nf3 d6 3. c3 Nc6 4. Be2 Nf6 5. d3 g6 6. O-O Bg7 7. h3 O-O 8. Be3 b5
9. Nbd2 b4 10. d4 Nd7 11. Rc1 Rb8 12. Nb3 Na5 13. Nbd2 Qb6 14. Nc4 Nxc4 15.
Bxc4 bxc3 16. bxc3 Ba6 17. Bxa6 Qxa6 18. Rc2 Rfc8 19. Qe2 Qxe2 20. Rxe2 c4 21.
Rc1 e6 22. Rcc2 Rb1+ 23. Kh2 d5 24. exd5 exd5 25. Nd2 Rb6 26. Bf4 Bf8 27. Nf3
Ba3 28. Bc1 Bd6+ 29. g3 Rcb8 30. Kg2 f6 31. Rb2 Rxb2 32. Rxb2 Rxb2 33. Bxb2 Nb6
34. Nd2 Na4 35. Ba1 Kf7 36. Kf3 Ke6 37. Ke2 Kf5 38. Kf3 h5 39. Nb1 Bc7 40. Ke3
h4 41. Kf3 hxg3 42. fxg3 Kg5 43. Nd2 Ba5 44. Nb1 Kh5 45. Kf4 Bc7+ 46. Kf3 f5
47. Na3 Ba5 48. Nb1 g5 49. Kg2 g4 50. Kh2 gxh3 51. Kxh3 Kg5 52. Nd2 Bxc3 53.
Bxc3 Nxc3 54. Nf3+ Kh5 55. Nh4 Nxa2 56. Nxf5 c3 0-1

[Event "3eme Open International de La Fere"]
[Site "La Fere (FRA)"]
[Date "2004.??.??"]
[Round "6.23"]
[White "Minet, Steve"]
[Black "Lambrescak, Alexandre"]
[Result "1-0"]
[WhiteElo "2154"]
[BlackElo "1830"]
[PlyCount "115"]
[EventDate "2004.??.??"]

1. e4 d6 2. d4 Nf6 3. Nc3 c6 4. Bg5 g6 5. Qd2 Bg7 6. f3 O-O 7. O-O-O Nbd7 8. h4
e5 9. dxe5 dxe5 10. h5 Qc7 11. hxg6 fxg6 12. Bc4+ Kh8 13. Bh6 Nh5 14. Bxg7+
Kxg7 15. Qg5 Kh8 16. Nge2 Nb6 17. g4 Nxc4 18. gxh5 Qb6 19. b3 Qe3+ 20. Qxe3
Nxe3 21. Rd3 Rxf3 22. Rd8+ Kg7 23. hxg6 h6 24. Re8 Ng4 25. Rd1 Rf8 26. Rxf8
Kxf8 27. Rd8+ Kg7 28. Ng3 Kxg6 29. Nf5 Kf6 30. Nd6 Ke7 31. Rxc8 Rxc8 32. Nxc8+
Kd7 33. Nxa7 h5 34. Kd2 h4 35. Ke2 h3 36. Kf3 h2 37. Kg2 Kc7 38. Ne2 h1=Q+ 39.
Kxh1 Nf2+ 40. Kg2 Nxe4 41. Kf3 Nd6 42. c4 Kb6 43. Nxc6 Kxc6 44. Nc3 Kc5 45.
Ne4+ Kc6 46. Nxd6 Kxd6 47. Ke4 Kc5 48. a3 Kd6 49. b4 Kc6 50. Kxe5 Kc7 51. c5
Kc6 52. a4 Kc7 53. b5 Kd7 54. a5 Kc7 55. a6 bxa6 56. bxa6 Kc6 57. Ke6 Kc7 58.
Kd5 1-0

[Event "3eme Open International de La Fere"]
[Site "La Fere (FRA)"]
[Date "2004.??.??"]
[Round "6.24"]
[White "Maupoint, Sebastien"]
[Black "Colnot, Cyril"]
[Result "1-0"]
[WhiteElo "2082"]
[BlackElo "1880"]
[PlyCount "77"]
[EventDate "2004.??.??"]

1. g3 f5 2. d4 Nf6 3. Bg2 e6 4. Nf3 Be7 5. c4 O-O 6. d5 exd5 7. cxd5 d6 8. O-O
Qe8 9. Nc3 a6 10. Qc2 Qh5 11. b4 Bd8 12. a4 Nbd7 13. Bf4 Ng4 14. b5 g5 15. Bc1
Nde5 16. h3 Nxf3+ 17. exf3 Ne5 18. f4 gxf4 19. Bxf4 Ng6 20. Ne2 Bd7 21. Rab1
axb5 22. axb5 Ra5 23. b6 Rc5 24. Qd3 Re8 25. bxc7 Bxc7 26. Rfe1 b5 27. Kh2 Ne5
28. Bxe5 dxe5 29. d6 Ba5 30. Red1 Rec8 31. Rbc1 Rxc1 32. Rxc1 Rxc1 33. Nxc1 Qg5
34. Qd5+ Kg7 35. Qxe5+ Qf6 36. Qd5 f4 37. Nd3 fxg3+ 38. fxg3 Bb6 39. Nf4 1-0

[Event "3eme Open International de La Fere"]
[Site "La Fere (FRA)"]
[Date "2004.??.??"]
[Round "6.25"]
[White "Darras, Michel"]
[Black "Vinsot, Robin-Gael"]
[Result "0-1"]
[WhiteElo "1790"]
[BlackElo "2078"]
[PlyCount "58"]
[EventDate "2004.??.??"]

1. e4 e5 2. Nf3 d6 3. d4 Bg4 4. dxe5 Nd7 5. exd6 Bxd6 6. Nc3 Ngf6 7. Be2 Qe7 8.
Bg5 h6 9. Bxf6 Nxf6 10. Nd2 Be6 11. O-O O-O-O 12. Qe1 g5 13. Nc4 Bxc4 14. Bxc4
Ng4 15. g3 Ne5 16. Be2 g4 17. Nd5 Qg5 18. Kg2 h5 19. Qa5 Kb8 20. c4 Nc6 21. Qa4
h4 22. Ne3 Ne5 23. Nf5 Ng6 24. Nxd6 Rxd6 25. f4 gxf3+ 26. Bxf3 hxg3 27. hxg3
Nf4+ 28. Kf2 Rh2+ 29. Ke1 Qxg3+ 0-1

[Event "3eme Open International de La Fere"]
[Site "La Fere (FRA)"]
[Date "2004.??.??"]
[Round "6.26"]
[White "Waquet, Frederic"]
[Black "Quiniou, Jean"]
[Result "1-0"]
[WhiteElo "2055"]
[BlackElo "1830"]
[PlyCount "57"]
[EventDate "2004.??.??"]

1. e4 e6 2. d3 d5 3. Nd2 c5 4. Ngf3 Nc6 5. g3 Nf6 6. Bg2 Be7 7. O-O O-O 8. e5
Nd7 9. Qe2 Qc7 10. Re1 b5 11. h4 Bb7 12. Nf1 Rac8 13. Bf4 d4 14. N1h2 Nb4 15.
h5 Nd5 16. Bd2 N7b6 17. Ng4 Na4 18. Bc1 Qd7 19. Bg5 Bxg5 20. Nxg5 Ne7 21. h6
Bxg2 22. hxg7 Kxg7 23. Kxg2 Qb7+ 24. Ne4 Nf5 25. Rh1 Rh8 26. Ngf6 Kf8 27. g4
Rd8 28. Qf3 Ng7 29. Nxh7+ 1-0

[Event "3eme Open International de La Fere"]
[Site "La Fere (FRA)"]
[Date "2004.??.??"]
[Round "6.27"]
[White "Delorme, Laurie"]
[Black "Deneuville, Ludovic"]
[Result "1/2-1/2"]
[WhiteElo "2037"]
[BlackElo "1780"]
[PlyCount "83"]
[EventDate "2004.??.??"]

1. d4 d5 2. Nc3 Nf6 3. Bg5 Bf5 4. f3 Nc6 5. e3 a6 6. a3 h6 7. Bh4 g5 8. Bf2 e6
9. g4 Bh7 10. Qd2 Qd7 11. h4 Be7 12. Nge2 O-O-O 13. O-O-O e5 14. hxg5 hxg5 15.
Bg3 e4 16. Bg2 exf3 17. Bxf3 Ne4 18. Bxe4 Bxe4 19. Rxh8 Rxh8 20. Nxe4 dxe4 21.
d5 Nd8 22. Qd4 f6 23. Qxe4 Re8 24. Qd4 b6 25. Qc4 Bc5 26. Qxa6+ Kb8 27. Nd4 Qc8
28. Qxc8+ Kxc8 29. Bf2 Re4 30. b4 Bxd4 31. Rxd4 Rxd4 32. exd4 Nf7 33. Kd2 Nh6
34. Ke2 Nxg4 35. Bg3 f5 36. Kf3 Nf6 37. c4 b5 38. Be5 Ne4 39. cxb5 Nc3 40. b6
cxb6 41. d6 b5 42. Bf6 1/2-1/2

[Event "3eme Open International de La Fere"]
[Site "La Fere (FRA)"]
[Date "2004.??.??"]
[Round "6.28"]
[White "Lucas, Bernard"]
[Black "Molet, Asher"]
[Result "0-1"]
[WhiteElo "1730"]
[BlackElo "2019"]
[PlyCount "36"]
[EventDate "2004.??.??"]

1. e4 c5 2. Nf3 Nc6 3. d4 cxd4 4. Nxd4 Nf6 5. Nc3 e5 6. Nb3 Bb4 7. Bg5 h6 8.
Bh4 g5 9. Bg3 Nxe4 10. Qd3 d5 11. O-O-O Bxc3 12. bxc3 Be6 13. Be2 Qb6 14. Rhf1
O-O-O 15. a3 Nxg3 16. hxg3 Na5 17. f4 Nc4 18. fxe5 Qa6 0-1

[Event "3eme Open International de La Fere"]
[Site "La Fere (FRA)"]
[Date "2004.??.??"]
[Round "6.29"]
[White "Bertrand, Eric"]
[Black "Aine, Olivier"]
[Result "1-0"]
[WhiteElo "2012"]
[BlackElo "1770"]
[PlyCount "31"]
[EventDate "2004.??.??"]

1. e4 e5 2. Nf3 Nc6 3. d4 exd4 4. Bc4 Nf6 5. O-O Be7 6. Re1 d6 7. Nxd4 O-O 8.
Nc3 Re8 9. h3 Nd7 10. Bxf7+ $1 Kxf7 11. Ne6 $1 Nde5 12. Nxd8+ Rxd8 13. f4 Ng6
14. Nd5 Bh4 15. Rf1 Be6 16. f5 1-0

[Event "3eme Open International de La Fere"]
[Site "La Fere (FRA)"]
[Date "2004.??.??"]
[Round "6.30"]
[White "Joie, Sebastien"]
[Black "Coquelle, Gilbert"]
[Result "1-0"]
[WhiteElo "2000"]
[BlackElo "1720"]
[PlyCount "75"]
[EventDate "2004.??.??"]

1. d4 d5 2. Bg5 Nf6 3. Bxf6 exf6 4. e3 Bd6 5. c4 dxc4 6. Bxc4 c6 7. Nf3 Nd7 8.
Qb3 O-O 9. Rg1 f5 10. Nbd2 Nf6 11. h3 Qe7 12. Bd3 Bf4 13. O-O-O Bh6 14. Qc2 g6
15. Ne5 Be6 16. g4 fxg4 17. hxg4 Nd5 18. a3 Bxe3 19. Bxg6 Bxd2+ 20. Rxd2 h6 21.
Be4 Rac8 22. Qc5 Qxc5+ 23. dxc5 Nf4 24. g5 h5 25. Nd3 Nxd3+ 26. Bxd3 Kg7 27. f4
Bg4 28. f5 Rfe8 29. f6+ Kf8 30. Rh2 Re3 31. Rxg4 Rxd3 32. Rxh5 Ke8 33. Re4+ Kd8
34. Re7 Rd7 35. Rh8+ Kc7 36. Rxc8+ Kxc8 37. g6 fxg6 38. f7 1-0

[Event "3eme Open International de La Fere"]
[Site "La Fere (FRA)"]
[Date "2004.??.??"]
[Round "6.31"]
[White "Symoens, David"]
[Black "Mestdagh, Franck"]
[Result "1-0"]
[WhiteElo "1720"]
[BlackElo "1944"]
[PlyCount "51"]
[EventDate "2004.??.??"]

1. e4 c5 2. Nf3 d6 3. d4 cxd4 4. Nxd4 Nf6 5. Nc3 a6 6. Bg5 e6 7. f4 Be7 8. Qf3
Nc6 9. O-O-O Qc7 10. g4 Nxd4 11. Rxd4 b5 12. Bxf6 Bxf6 13. Bxb5+ axb5 14. Nxb5
Qb8 15. Nxd6+ Kf8 16. e5 Be7 17. Rb4 Qa7 18. Qb3 g6 19. Nxc8 Rxc8 20. Rb7 Qc5
21. Rf1 h5 22. f5 exf5 23. gxf5 gxf5 24. Qd3 f4 25. Rxf4 Bg5 26. Rbxf7+ 1-0

[Event "3eme Open International de La Fere"]
[Site "La Fere (FRA)"]
[Date "2004.??.??"]
[Round "6.32"]
[White "Varoquier, Romain"]
[Black "Delias, Gerard"]
[Result "1-0"]
[WhiteElo "1940"]
[BlackElo "1620"]
[PlyCount "47"]
[EventDate "2004.??.??"]

1. e4 c5 2. c4 g6 3. Nc3 Bg7 4. g3 d6 5. Bg2 Nc6 6. Nge2 e5 7. O-O Nge7 8. d3
Be6 9. a3 O-O 10. Rb1 a5 11. f4 f5 12. Nd5 Bxd5 13. exd5 Nd4 14. Nxd4 exd4 15.
Re1 Qd7 16. Re6 Kf7 17. Qe2 Rfe8 18. Bd2 Ng8 19. Re1 b6 20. g4 Nh6 21. Bh3 Nxg4
22. Bxg4 fxg4 23. Qxg4 Qd8 24. Rxe8 1-0

[Event "3eme Open International de La Fere"]
[Site "La Fere (FRA)"]
[Date "2004.??.??"]
[Round "6.33"]
[White "Diener, Jean-Denis"]
[Black "Moulin, Serge"]
[Result "0-1"]
[WhiteElo "1690"]
[BlackElo "1932"]
[PlyCount "56"]
[EventDate "2004.??.??"]

1. d4 Nf6 2. c4 c5 3. d5 b5 4. cxb5 a6 5. Nc3 axb5 6. e4 b4 7. Nb5 d6 8. f3 g6
9. a3 bxa3 10. Nxa3 Bg7 11. Bd2 O-O 12. Bd3 Nbd7 13. Ne2 Ne5 14. Bc2 Ba6 15.
O-O Nd3 16. Bc1 Nxc1 17. Rxc1 Nd7 18. Rb1 Qc7 19. Re1 Bxb2 20. Rxb2 Bxe2 21.
Qxe2 Rxa3 22. Reb1 Rb8 23. Rxb8+ Nxb8 24. Qb5 Na6 25. Qc6 Qxc6 26. dxc6 Nb4 27.
c7 Ra8 28. e5 Rc8 0-1

[Event "3eme Open International de La Fere"]
[Site "La Fere (FRA)"]
[Date "2004.??.??"]
[Round "6.35"]
[White "Bouguettouche, Didier"]
[Black "Gosset, Arnaud"]
[Result "0-1"]
[WhiteElo "1499"]
[BlackElo "2146"]
[PlyCount "92"]
[EventDate "2004.??.??"]

1. d4 d5 2. Nf3 Nf6 3. Nbd2 Bf5 4. e3 e6 5. c3 Bd6 6. Qa4+ Nbd7 7. Be2 O-O 8.
O-O c6 9. c4 dxc4 10. Qxc4 Nb6 11. Qb3 Qc7 12. Bd3 Bxd3 13. Qxd3 Rad8 14. Ne4
Be7 15. Nfg5 g6 16. Nxf6+ Bxf6 17. Nf3 c5 18. b3 cxd4 19. exd4 Nd5 20. Bh6 Rfe8
21. Rac1 Qa5 22. Rfe1 Ne7 23. Bd2 Qb6 24. Be3 Nf5 25. Rc4 Qa6 26. Qd2 b5 27.
Rc2 e5 28. Qb4 exd4 29. Nxd4 Nxd4 30. Bxd4 Rxe1+ 31. Qxe1 Bxd4 32. Re2 Kg7 33.
Re7 Qf6 34. h3 Bc3 (34... Bxf2+ $1) 35. Qe2 Rd2 36. Qe3 Rxa2 37. Rxa7 Rxf2 38.
Qxf2 Qxf2+ 39. Kxf2 Bd4+ 40. Kf3 Bxa7 41. g4 Kf6 42. Kf4 Ke6 43. Kg5 Be3+ 44.
Kh4 Bf4 45. b4 Kf6 46. g5+ Bxg5+ 0-1

[Event "3eme Open International de La Fere"]
[Site "La Fere (FRA)"]
[Date "2004.??.??"]
[Round "6.36"]
[White "Kulczak, Anemone"]
[Black "Croenne, Olivier"]
[Result "1/2-1/2"]
[WhiteElo "1730"]
[BlackElo "2055"]
[PlyCount "55"]
[EventDate "2004.??.??"]

1. d4 c5 2. d5 e5 3. Nc3 d6 4. e4 Be7 5. Nf3 Nf6 6. Be2 O-O 7. O-O Ne8 8. Qd3
g6 9. Bh6 Ng7 10. Nd2 Bg5 11. Bxg5 Qxg5 12. Nb5 Qe7 13. f4 exf4 14. Rxf4 a6 15.
Nc3 Nd7 16. a4 Ne5 17. Qg3 Bd7 18. Rff1 Rae8 19. Rae1 Bc8 20. Bd1 Qd8 21. b3
Qa5 22. Be2 f5 23. Nc4 Nxc4 24. Bxc4 f4 25. Qf3 Re5 26. Nd1 Qd8 27. Nf2 g5 28.
h3 1/2-1/2

[Event "3eme Open International de La Fere"]
[Site "La Fere (FRA)"]
[Date "2004.??.??"]
[Round "6.37"]
[White "Dagnicourt, Francis"]
[Black "Pytel, Bozena"]
[Result "0-1"]
[WhiteElo "1690"]
[BlackElo "2023"]
[PlyCount "78"]
[EventDate "2004.??.??"]

1. d4 f5 2. c4 Nf6 3. Nf3 d6 4. g3 c6 5. Bg2 Qc7 6. O-O e5 7. dxe5 dxe5 8. b3
Be7 9. Bb2 e4 10. Be5 Qa5 11. Bc3 Qb6 12. Nd4 O-O 13. e3 Na6 14. Bh3 g6 15. Ne2
Nb4 16. Bxb4 Qxb4 17. Nbc3 Be6 18. Qc2 Bf7 19. Rad1 Rad8 20. Rxd8 Rxd8 21. Rd1
Qa5 22. Rxd8+ Qxd8 23. Qd1 Qd3 24. Qe1 Bb4 25. Bf1 Qd6 26. Qd1 Qe7 27. Qd4 Bc5
28. Qd2 Ng4 29. Nd4 Ne5 30. Be2 Bb4 31. Nc2 Ba5 32. Nd4 Qb4 33. Nb1 Qxd2 34.
Nxd2 Bxd2 35. Kg2 Kf8 36. h4 h5 37. Nc2 Nd3 38. Bxd3 exd3 39. Kf3 dxc2 0-1

[Event "3eme Open International de La Fere"]
[Site "La Fere (FRA)"]
[Date "2004.??.??"]
[Round "6.38"]
[White "Dumortier, Thierry"]
[Black "Delahaye, Marc"]
[Result "1-0"]
[WhiteElo "2019"]
[BlackElo "1610"]
[PlyCount "85"]
[EventDate "2004.??.??"]

1. e4 c5 2. Nc3 d6 3. g3 Nf6 4. Bg2 Nc6 5. d3 g6 6. Nge2 Bg7 7. O-O O-O 8. h3
Be6 9. Be3 Qc8 10. Kh2 Bd7 11. d4 cxd4 12. Nxd4 Ne5 13. Nce2 Nc4 14. Bc1 Qc5
15. c3 Nh5 16. b3 Ne5 17. Be3 Qc8 18. Rc1 Qe8 19. f4 Nc6 20. f5 Ne5 21. Qd2 Qc8
22. Bh6 Rb8 23. g4 Nf6 24. Bxg7 Kxg7 25. g5 Nh5 26. Qe3 Qc5 27. Ng3 Nxg3 28.
f6+ exf6 29. gxf6+ Kh8 30. Qxg3 h5 31. b4 Qc4 32. Qg5 Kh7 33. Rf4 Rh8 34. Nf5
Bxf5 35. exf5 Qxa2 36. fxg6+ fxg6 37. f7 Nxf7 38. Qe7 Rhf8 39. Rcf1 Kg8 40. Kh1
Rbe8 41. Qxb7 Re2 42. Bd5 Rh2+ 43. Kg1 1-0

[Event "3eme Open International de La Fere"]
[Site "La Fere (FRA)"]
[Date "2004.??.??"]
[Round "6.39"]
[White "Lambrescak, Philippe"]
[Black "Barnier, Christophe"]
[Result "0-1"]
[WhiteElo "1690"]
[BlackElo "2008"]
[PlyCount "68"]
[EventDate "2004.??.??"]

1. e4 Nc6 2. Nf3 e6 3. d4 d5 4. e5 b6 5. Be2 Bb7 6. c3 Qd7 7. Bf4 h6 8. b4 g5
9. Bg3 Nge7 10. h3 Nf5 11. Bh2 Be7 12. g4 Ng7 13. Qc2 h5 14. Nbd2 hxg4 15. hxg4
O-O-O 16. O-O-O Kb8 17. Bg3 Qc8 18. Rh7 Rxh7 19. Qxh7 Rg8 20. Rh1 Qf8 21. a3 a5
22. Kb2 axb4 23. axb4 f5 24. exf6 Bxf6 25. Ne5 Nxe5 26. Bxe5 Bxe5 27. dxe5 d4
28. f3 dxc3+ 29. Kxc3 c5 30. Rb1 Rh8 31. Qd3 Qe7 32. bxc5 Qxc5+ 33. Qc4 Qxe5+
34. Kc2 Rc8 0-1